000 01234nam a2200229Ia 4500
001 L200-54534
003 IT-CnALBA
008 170116s9999||||xx |||||||||||||| ||und||
040 _aIT-CnALBA
_cIT-CnALBA
041 _aITALIANO
100 _aRUINI CAMILLO, CARDINALE
245 0 _aLA PARROCCHIA IN UN'ECCLESIOLOGIA DI COMUNIONE.
250 _a1a ed.
260 _a BOLOGNA - NAPOLI
_bDEHONIANE EDIZIONI
_c1995 [1° Ed.:1995 - Ed.Ling.Originale: 1995]
300 _a190 p.
500 _aCURATORE CIOLA N. PARROCCHIA TEMA TEOLOGICO. NUOVA EVANGELIZZAZIONE. TRASFORMAZIONI DELLA PARROCCHIA NEL CONTESTO SOCIALE ATTUALE. FORME STORICHE DELLA CURA DELLE ANIME. SENSI M. PARROCCHIE A CONFRONTO. SCABINI P. RIFLESSIONE DOGMATICA SULLA CHIESA. CANOB
501 _aSocietà San Paolo EM - Piazza San Paolo, 14 - 12051 ALBA (CN) (non commercial uses only) ® Copyright 2017
520 _aCURATORE CIOLA N. PARROCCHIA TEMA TEOLOGICO. NUOVA EVANGELIZZAZIONE. TRASFORMAZIONI DELLA PARROCCHIA NEL CONTESTO SOCIALE ATTUALE. FORME STORICHE DELLA CURA DELLE ANIME. SENSI M. PARROCCHIE A CONFRONTO. SCABINI P. RIFLESSIONE DOGMATICA SULLA CHIESA. CANOB
650 _aRELIGIONE - RELIGIONE CRISTIANA
942 _cBK
957 _71
999 _a72024
_bNO
_g Copie: 1
_c313403
_d313403